Statistics for Flags of Celtic countries facts

Click here to take the quiz!

General Stats

  • This quiz has been taken 23 times
  • The average score is 5 of 12

Answer Stats

HintAnswer% Correct
AlbaWho was crucified on that cross?Saint Andrew
78%
KernowThe white cross of the Cornish flag represents which metal?Tin
70%
EireThe orange of the Irish flag represents which person?William of Orange
70%
CymruThe Welsh flag features 'Y Ddraig Goch', which is what?The red dragon
61%
EireThe white of the Irish tricolour represents what?Peace
48%
AlbaThe diagonal cross on Scotland's flag is called a what?Saltire
43%
CymruHenry Tudor flew the Welsh flag at which battle?The battle of {Bosworth}
30%
BreizhThe Breton flag is called Gwenn-ha-du, which literally means what?White and black
26%
KernowThe Cornish flag is the flag of which saint?Saint Piran
17%
ManninWhat year was the Manx flag adopted?1932
9%
ManninThe three legs symbol on the Manx flag is known as a what?Triskelion
4%
BreizhThe Breton flag was designed by who?Morvan Marchal
0%

Score Distribution

Percentile by Number Answered

Percent of People with Each Score

Your Score History

You have not taken this quiz